000 00405pam a2200145 a 4500
020 _a9781555818814
_c
041 _aeng
082 _a616.01
_bLEB
100 _aLABER A . L . .
245 _aCLINICAL MICROBIOLOGY PROCEDURE HANDBOOK VOL 1 BOX FILE LOOSE LEAF VOL 3
_hTextual Documents
260 _aMUMBAI
_bASM PRESS
_c2016
300 _aV. I 84:
_bBOXFILE.
930 _a8901
999 _c803428
_d803428
650 _aMICROBIOLOGY